• 首页
  • 本馆介绍
  • 公告通知
  • 最新文献
  • 馆藏检索
  • 电子资源
  • 读者导购
  • 参考咨询
  • 我的图书馆
  • 登录
  • 详细信息显示
  • 放入我的书架
  • 预约/预借图书
  • 作者相关作品
  • 分类相关作品
  • 丛书相关作品
  • 出版社相关作品

书目信息

  • 表格格式
  • 工作单格式
  • 卡片格式
题名:
六位三角函数表
    
 
作者:
分册:  
出版信息: 北京   测绘出版社  1975
页数: 293页
开本: 26cm
丛书名:
单 册:
中图分类: O1-645
科图分类:
主题词: 三角函数-数学表 , 数学表-三角函数
电子资源:
ISBN:
000 00669nam0 2200241 45
001 0175003049
005 20060425105317.35
010    @b精装@dCNY2.50
091    @a15039.新1
100    @a19950927d1975 em y0chiy0121 ea
101 0  @achi
102    @aCN@b110000
105    @ak o 000yy
200 10 @a六位三角函数表@Aliu wei san jiao han shu biao@e三角函数值由0°至90°每隔10"一列Cotg及Cosec由0'至1°20'每隔1"一列
205    @a新一版
210    @a北京@c测绘出版社@d1975
215    @a293页@d26cm
606    @a三角函数-数学表
606    @a数学表-三角函数
690    @aO1-645@v3
801  2 @aCN@bNLC@c20060425
801  0 @aCN@bTSSF
905    @a10447@dO1-645@e21
    
    六位三角函数表:三角函数值由0°至90°每隔10"一列Cotg及Cosec由0'至1°20'每隔1"一列.-新一版.-北京:测绘出版社,1975
    293页;26cm
    
    
    ISBN (精装):CNY2.50
    
●
相关链接 在E读中查询图书 在五车中查询图书 在当当中查询图书 在豆瓣中查询图书


正题名:六位三角函数表     索取号:O1-645/21         预约/预借

序号 登录号 条形码 馆藏地/架位号 状态 备注
1 0008546   202286365   密集书库/ [索取号:O1-645/21] 在馆    
2 0008547   202091583   第二样本阅览室/ [索取号:O1-645/21] 在馆    
唐山师范学院图书馆 欢迎您!
大连网信软件有限公司© 版权所有